| 000 | 00917nac a22002051u 4500 | ||
|---|---|---|---|
| 010 | _a 93018799 | ||
| 020 | _a0198283881 (cloth : alk. paper) : | ||
| 022 | _a0198292872 | ||
| 082 | 0 | 0 |
_a330.015195 _bD924 |
| 090 |
_c2146 _d2146 |
||
| 100 | _aQin, Duo. | ||
| 245 | 1 | 4 |
_aThe formation of econometrics : _ba historical perspective / _cQin Duo. |
| 260 |
_aOxford, [England] : _bClarendon Press ; _aNew York : _bOxford University Press,1993 _c1993. |
||
| 300 |
_axii, 212 p. ; _c23 cm. |
||
| 504 | _aIncludes bibliographical references (p. [189]-205) and indexes. | ||
| 650 | 0 |
_aEconometrics _xHistory. |
|
| 856 | 4 | 2 |
_3Publisher description _uhttp://www.loc.gov/catdir/enhancements/fy0606/93018799-d.html |
| 942 |
_cBB _k330.015195D924 |
||
| 999 |
_c2146 _d2146 |
||